Widok standardowy
Widok MARC
Pozycja Geographic Name
Liczba rekordów, w których użyto hasła: 1
001 - Numer kontrolny
- control field: 40448
003 - Identyfikator numeru kontrolnego
- control field: NUKAT
005 - Data i czas ostatniej modyfikacji
- control field: 20260423215804.0
008 - Dane kontrolne kodowane (40 znaków)
- fixed length control field: 011120 ||aacnnbaba |a ana |c
010 ## - Numer kontrolny Biblioteki Kongresu
- numer kontrolny LC: m 2010745000
035 ## - Numer systemowy
- numer systemowy: D011044
040 ## - Instytucja sporządzająca rekord
- inst. przygot. dane do rek. khw: DNLM
- inst. modyf. rek. khw: POZN 59
- inst. modyf. rek. khw: KR U/42
072 ## - Kod kategorii przedmiotu
- kod kategorii przedmiotu: Z01.
- określnik kodu kategorii przedmiotu: 542.
- określnik kodu kategorii przedmiotu: 248.
- określnik kodu kategorii przedmiotu: 679
151 ## - Hasło - nazwa geograficzna
- nazwa geograficzna: Polska
451 ## - Trop zob. - nazwa geograficzna
- nazwa geograficzna: Poland
451 ## - Trop zob. - nazwa geograficzna
- nazwa geograficzna: Trzecia Rzeczpospolita
451 ## - Trop zob. - nazwa geograficzna
- nazwa geograficzna: PRL
451 ## - Trop zob. - nazwa geograficzna
- nazwa geograficzna: Polska Rzeczpospolita Ludowa
451 ## - Trop zob. - nazwa geograficzna
- nazwa geograficzna: Polska Ludowa
451 ## - Trop zob. - nazwa geograficzna
- nazwa geograficzna: Rzeczpospolita Polska
451 ## - Trop zob. - nazwa geograficzna
- nazwa geograficzna: Rzeczypospolita Polska
551 ## - Trop zob. też - nazwa geograficzna
- podpole kontrolne: g
- nazwa geograficzna: Europa Wschodnia
670 ## - Źródło informacji
- źródło informacji: MeSH 2006